Tìm hiểu sơ lược về bái toán ngược
Giới thiệu về bài toán ngược, các không gian hàm, lý thuyết phổ. Thuật toán cho bài toán ngược tuyến tính. Các phương pháp chính quy phi tuyến.
Đã lưu trong:
| Tác giả chính: | |
|---|---|
| Tác giả khác: | |
| Định dạng: | Sách |
| Ngôn ngữ: | Vietnamese |
| Được phát hành: |
Đại học Đà Nẵng
Trường đại học Sư Phạm
2011
|
| Loạt: | Khóa luận tốt nghiệp Đại học. Chuyên ngành: Sư phạm Toán
|
| Những chủ đề: | |
| Các nhãn: |
Thêm thẻ
Không có thẻ, Là người đầu tiên thẻ bản ghi này!
|
| Thư viện lưu trữ: | Mạng thư viện Đại học Đà Nẵng |
|---|
| LEADER | 01434nam a2200349 4500 | ||
|---|---|---|---|
| 001 | 000011476 | ||
| 003 | 7724 | ||
| 005 | 20120206090232.0 | ||
| 008 | 120206s2011 viesd | ||
| 041 | |a vie | ||
| 072 | |a Khóa luận tốt nghiệp | ||
| 082 | |a 519 |b NG-T | ||
| 100 | |a Nguyễn, Lê Trâm | ||
| 245 | |a Tìm hiểu sơ lược về bái toán ngược |c Nguyễn, Lê Trâm | ||
| 260 | |a Đại học Đà Nẵng |b Trường đại học Sư Phạm |c 2011 | ||
| 300 | |a 67 tr. |c 29 cm | ||
| 490 | |a Khóa luận tốt nghiệp Đại học. Chuyên ngành: Sư phạm Toán | ||
| 500 | |a Tham khảo tr.67 | ||
| 520 | |a Giới thiệu về bài toán ngược, các không gian hàm, lý thuyết phổ. Thuật toán cho bài toán ngược tuyến tính. Các phương pháp chính quy phi tuyến. | ||
| 653 | |a Khóa luận tốt nghiệp đại học | ||
| 653 | |a Khoa Toán | ||
| 700 | |a Trần, Nhân Tâm Quyền |c Th.S |e Hướng dẫn | ||
| OWN | |a LSP | ||
| AVA | |a UDN50 |b LSP |d 519 NG-T |e available |t Error 5001 Not defined in file expand_doc_bib_avail. |f 1 |g 0 |h N |i 0 |k 1 | ||
| 999 | |a From the UDN01 | ||
| AVA | |a UDN50 |b LSP |d 519 NG-T |e available |t Error 5001 Not defined in file expand_doc_bib_avail. |f 1 |g 0 |h N |i 0 |k 1 | ||
| TYP | |a Monograph | ||
| TYP | |a Printed language | ||
| 980 | |a Mạng thư viện Đại học Đà Nẵng | ||